| 000 | 00798cab a2200277 4500 | ||
|---|---|---|---|
| 001 | ABS50710 | ||
| 008 | 090401t1994 xxu||||| |||| 00| 0 eng d | ||
| 035 | _a(Sirsi) u17356 | ||
| 041 | _aeng | ||
| 245 | _aLander of milk and honey | ||
| 260 | _c1994 | ||
| 350 | _a0 | ||
| 490 |
_aBuilding Market Report _vMay 1994, 4-5(2) |
||
| 520 | _aPredicts the long-awaited upturn in the German construction industry, driven by the huge infrastructure programme in Germany`s eastern states. | ||
| 650 | _aCONSTRUCTION MARKET | ||
| 650 | _aEASTERN GERMANY | ||
| 650 | _aFORECASTS | ||
| 650 | _aGERMANY | ||
| 650 | _aINFRASTRUCTURE PROGRAMME | ||
| 650 | _aOUTPUT | ||
| 650 | _aROADBUILDING | ||
| 690 | _aBUILT ENVIRONMENT | ||
| 690 | _aOVERSEAS-EUROPE | ||
| 942 | _n0 | ||
| 948 | _c04/03/1997 | ||
| 999 |
_c11510 _d11510 |
||